| 000 | 00981nam a22002537a 4500 | ||
|---|---|---|---|
| 005 | 20180307130739.0 | ||
| 010 | _aBAC-EN21 ENG-111577 | ||
| 020 |
_a9789383656974 _c325.00 |
||
| 035 | _aEN-95109 | ||
| 035 | _aB-579319-345 | ||
| 035 | _aB-667616 | ||
| 037 |
_bKKP/Ven _adpl |
||
| 037 | _bDBAD/PUB | ||
| 082 | _a346.54066 | ||
| 100 | _aSharma, J.P. | ||
| 245 |
_aAn easy approach to corporate laws : _cby J.P.Sharma _bin accordance with the syllabus of B.Com(Hons) semester mode,based on the companies Act,2013 / |
||
| 250 | _a2nd ed | ||
| 260 |
_aNew Delhi _bAne Books _c2015 |
||
| 270 |
_a4821, Parwana Bhawan,1st Floor ,24 Ansari Road ,Darya Ganj _bNew Delhi _e110002 |
||
| 300 |
_axxv,477p. _c24cm(pbk) |
||
| 942 |
_2ddc _cEN _mSHA _h346.54066 |
||
| 999 |
_c89289 _d89289 |
||